| 000 | 00657nam a2200181 i 4500 | ||
|---|---|---|---|
| 001 | 79288 | ||
| 003 | ES-MaACL | ||
| 005 | 20230906173939.0 | ||
| 007 | t| | ||
| 008 | 041020s1961 sp ||||1| spa d | ||
| 100 | 1 |
_aHenriet, Pierre. _962575 |
|
| 245 | 1 | 0 |
_aRedes eléctricas, funcionamiento y protección / _cpor Pierre Henriet ; traducción española por Elías del Yerro Sánchez Monge ; prólogo de Clemente Cebrián Martínez. |
| 260 |
_aMadrid : _bMayo, _c[1961] |
||
| 300 |
_aXIX, 362 p. ; _c25 cm. |
||
| 700 | 1 |
_aYerro Sánchez Monge, Elías del. _9117627 |
|
| 700 | 1 |
_aCebrián Martínez, Clemente. _937302 |
|
| 852 |
_aES-MaACL _jC-19618 _bR.47497 |
||
| 999 |
_c79288 _d79288 |
||